<?xml version="1.0" encoding="UTF-8"?><?xml-stylesheet type="text/xsl" href="static/style.xsl"?><OAI-PMH xmlns="http://www.openarchives.org/OAI/2.0/" xmlns:xsi="http://www.w3.org/2001/XMLSchema-instance" xsi:schemaLocation="http://www.openarchives.org/OAI/2.0/ http://www.openarchives.org/OAI/2.0/OAI-PMH.xsd"><responseDate>2026-06-06T17:58:48Z</responseDate><request verb="GetRecord" identifier="oai:riuma.uma.es:10630/29242" metadataPrefix="marc">https://riuma.uma.es/rest/oai/request</request><GetRecord><record><header><identifier>oai:riuma.uma.es:10630/29242</identifier><datestamp>2026-02-03T10:51:36Z</datestamp><setSpec>com_10630_2254</setSpec><setSpec>col_10630_37953</setSpec></header><metadata><record xmlns="http://www.loc.gov/MARC21/slim" xmlns:dcterms="http://purl.org/dc/terms/" xmlns:doc="http://www.lyncode.com/xoai" xmlns:xsi="http://www.w3.org/2001/XMLSchema-instance" xsi:schemaLocation="http://www.loc.gov/MARC21/slim http://www.loc.gov/standards/marcxml/schema/MARC21slim.xsd">
   <leader>00925njm 22002777a 4500</leader>
   <datafield ind2=" " ind1=" " tag="042">
      <subfield code="a">dc</subfield>
   </datafield>
   <datafield ind2=" " ind1=" " tag="720">
      <subfield code="a">Gómez-Salado, Miguel Ángel</subfield>
      <subfield code="e">author</subfield>
   </datafield>
   <datafield ind2=" " ind1=" " tag="260">
      <subfield code="c">2020-05</subfield>
   </datafield>
   <datafield ind2=" " ind1=" " tag="520">
      <subfield code="a">El presente estudio pretende abordar tanto la evolución normativa del despido objetivo por faltas de asistencia al trabajo como la reciente doctrina del Tribunal Constitucional que avala este despido, para posteriormente analizar con más detalle la derogación (por el RDL 4/2020, de 18 de febrero) del artículo 52 d) del Estatuto de los Trabajadores: un precepto especialmente complejo –y ya tradicional– en el ámbito del derecho del trabajo que responde a la finalidad de combatir el absentismo laboral, cuya influencia negativa en la marcha normal de la empresa es evidente. Finalmente, tras el análisis anterior, se tratará de encontrar una respuesta adecuada a algunas cuestiones como la siguiente: ¿pueden recurrir a otras vías (como el despido disciplinario) los empresarios que a partir de ahora quieran despedir a un determinado trabajador por absentismo laboral?</subfield>
   </datafield>
   <datafield ind1="8" ind2=" " tag="024">
      <subfield code="a">Gómez Salado, M.Á., “El Real Decreto-ley 4/2020, de 18 de febrero: Una medida laboral urgente para garantizar el cumplimiento de los compromisos europeos, la seguridad jurídica y la protección de los colectivos vulnerables”, Revista de trabajo y Seguridad Social CEF, núm. 446, mayo de 2020, págs. 79-108. ISSN: 1138-9532</subfield>
   </datafield>
   <datafield ind1="8" ind2=" " tag="024">
      <subfield code="a">https://hdl.handle.net/10630/29242</subfield>
   </datafield>
   <datafield ind1="8" ind2=" " tag="024">
      <subfield code="a">https://doi.org/10.51302/rtss.2020.1070</subfield>
   </datafield>
   <datafield tag="653" ind2=" " ind1=" ">
      <subfield code="a">Despido</subfield>
   </datafield>
   <datafield ind2="0" ind1="0" tag="245">
      <subfield code="a">El Real Decreto-ley 4/2020, de 18 de febrero: Una medida laboral urgente para garantizar el cumplimiento de los compromisos europeos, la seguridad jurídica y la protección de los colectivos vulnerables</subfield>
   </datafield>
</record>
</metadata></record></GetRecord></OAI-PMH>